| 000 | 00364nam a22001577a 4500 | ||
|---|---|---|---|
| 999 |
_c193593 _d193593 |
||
| 005 | 20221206153936.0 | ||
| 010 | _aENG-135596 | ||
| 020 |
_c499.00 _a978-93-5471-102-2 |
||
| 035 | _aEN-119128 | ||
| 037 | _bDBAD/PUB | ||
| 082 | _aN | ||
| 245 | _a Honestly ben | ||
| 260 |
_c2017 _bArthur A Levine Boks |
||
| 300 |
_av.p. _c22cm(pbk) |
||
| 942 |
_2ddc _cEN _mHON _hN |
||